The magellanic system (Record no. 17472)

MARC details
000 -LEADER
fixed length control field 01015nam a2200217Ia 4500
003 - CONTROL NUMBER IDENTIFIER
control field IN-BaIIA
008 - FIXED-LENGTH DATA ELEMENTS--GENERAL INFORMATION
fixed length control field 211028s9999 xx 000 0 eng d
020 ## - INTERNATIONAL STANDARD BOOK NUMBER
International Standard Book Number 978-0521-88987-2
040 ## - CATALOGING SOURCE
Transcribing agency IIA Library
080 ## - UNIVERSAL DECIMAL CLASSIFICATION NUMBER
Universal Decimal Classification number 082.2:52
Item number IAU-S256
111 ## - MAIN ENTRY--MEETING NAME
Meeting name or jurisdiction name as entry element Symposium of the International Astronomical Union on the Magellanic System, Stars, Gas, and Galaxies
Number of part/section/meeting 256th
Location of meeting Keele University
Date of meeting or treaty signing 2008 July 28-Aug 1
9 (RLIN) 32978
245 #4 - TITLE STATEMENT
Title The magellanic system
Remainder of title proceedings of the 256th Symposium of the IAU on the magellanic system, Stars, gas, and Galaxies, held in Keele University, UNited Kingdom, July 28 - August 1, 2008
Statement of responsibility, etc. edited by Joana M Oliveira and Jacco Th Van Loon
260 ## - PUBLICATION, DISTRIBUTION, ETC.
Place of publication, distribution, etc. Cambridge
Name of publisher, distributor, etc. Cambridge University Press
Date of publication, distribution, etc. 2009
300 ## - PHYSICAL DESCRIPTION
Extent [various pagings.]
650 ## - SUBJECT ADDED ENTRY--TOPICAL TERM
Topical term or geographic name entry element Magellanic clouds-Congresses
9 (RLIN) 32979
650 ## - SUBJECT ADDED ENTRY--TOPICAL TERM
Topical term or geographic name entry element Star foramation-Congresses
9 (RLIN) 32980
650 ## - SUBJECT ADDED ENTRY--TOPICAL TERM
Topical term or geographic name entry element Stellar Astrophysics-Congresses
9 (RLIN) 32981
700 ## - ADDED ENTRY--PERSONAL NAME
Personal name Oliveira, Joana M., ed.
9 (RLIN) 32982
700 ## - ADDED ENTRY--PERSONAL NAME
Personal name Van Loon, Jacco Th., ed.
9 (RLIN) 32983
942 ## - ADDED ENTRY ELEMENTS (KOHA)
Koha item type Books
Holdings
Withdrawn status Lost status Damaged status Not for loan Home library Current library Shelving location Date acquired Source of acquisition Cost, normal purchase price Total Checkouts Full call number Barcode Date last seen Cost, replacement price Price effective from Koha item type Purchase Price
        IIA Library-Bangalore IIA Library-Bangalore General Stacks 05/10/2009 FBB 7728.38   082.2:52/ IAU-S256 18394 05/11/2021 7728.38 05/10/2009 Books Rs. 7728.38

Powered by Koha